000 00630nam a2200193 i 4500
001 130251
003 ES-MaACL
005 20240527195147.0
007 t|
008 070724s1972 sp ||||1| spa d
100 1 _aZabalo, Francisco Javier.
_9117803
245 1 3 _aEl registro de comptos del Reino de Navarra de 1820 /
_cJ. Zabalo Zabalegui.
260 _aPamplona :
_bInstitución Príncipe de Viana,
_c1972.
300 _a220 p. ;
_c25 cm.
651 4 _aNavarra (Reino)-
_xHistoria.
_99115
710 2 _aInstitución Príncipe de Viana
_94730
852 _aES-MaACL
_jC-44004
_bR.83845
999 _c130251
_d130251